| Tag |
First Indicator |
Second Indicator |
Subfields |
| LEADER |
00000cam a2200000Ia 4500 |
| 001 |
in00002319021 |
| 005 |
20151109120416.0 |
| 008 |
080209s2008 nyu b 001 0 eng d |
| 020 |
|
|
|a 9780465002290
|
| 020 |
|
|
|a 0465002293
|
| 035 |
|
|
|a (OCoLC)ocn191926044
|
| 035 |
|
|
|a (OCoLC)191926044
|
| 040 |
|
|
|a BTCTA
|c BTCTA
|d BAKER
|d YDXCP
|d ZGX
|d BWX
|d OCLCQ
|d IUL
|d UtOrBLW
|
| 043 |
|
|
|a n-us---
|
| 049 |
|
|
|a TXAM
|
| 050 |
|
4 |
|a LB1607.5
|b .W34 2008
|
| 092 |
|
|
|a 370.13
|b Wagner
|
| 100 |
1 |
|
|a Wagner, Tony.
|
| 245 |
1 |
4 |
|a The global achievement gap :
|b why even our best schools don't teach the new survival skills our children need--and what we can do about it /
|c Tony Wagner.
|
| 264 |
|
1 |
|a New York :
|b Basic Books,
|c [2008]
|
| 264 |
|
4 |
|c ©2008
|
| 300 |
|
|
|a xxviii, 290 pages ;
|c 25 cm.
|
| 336 |
|
|
|a text
|b txt
|2 rdacontent
|
| 337 |
|
|
|a unmediated
|b n
|2 rdamedia
|
| 338 |
|
|
|a volume
|b nc
|2 rdacarrier
|
| 504 |
|
|
|a Includes bibliographical references (pages 273-283) and index.
|
| 650 |
|
0 |
|a Education, Secondary
|x Aims and objectives
|z United States.
|
| 650 |
|
0 |
|a Educational change
|z United States.
|
| 650 |
|
0 |
|a School improvement programs
|z United States.
|
| 938 |
|
|
|a Baker and Taylor
|b BTCP
|n BK0007621070
|
| 938 |
|
|
|a Baker & Taylor
|b BKTY
|c 26.95
|d 20.21
|i 0465002293
|n 0007621070
|s active
|
| 938 |
|
|
|a YBP Library Services
|b YANK
|n 2854787
|
| 938 |
|
|
|a Blackwell Book Service
|b BBUS
|n R1727600
|c $26.95
|
| 945 |
|
|
|a PromptCat
|b 510637
|
| 946 |
|
|
|a stk
|
| 947 |
|
|
|a A14836753670
|
| 994 |
|
|
|a 92
|b TXA
|
| 948 |
|
|
|a cataloged
|b h
|d 2008/9/24
|h c
|e asalazar
|f 2:27:23 pm
|
| 999 |
|
|
|a MARS
|
| 999 |
f |
f |
|s 4214d881-5a5b-3d3d-bf8e-56c60a32eb08
|i 5f8aa7d1-d563-3f84-a784-12e6c3038b86
|t 0
|
| 952 |
f |
f |
|p normal
|a Texas A&M University
|b College Station
|c Sterling C. Evans Library
|d Evans: Library Stacks
|t 0
|e LB1607.5 .W34 2008
|h Library of Congress classification
|i unmediated -- volume
|m A14836753670
|
| 998 |
f |
f |
|a LB1607.5 .W34 2008
|t 0
|l Evans: Library Stacks
|